[Event "Niedersachsen-ch op-A"]
[Site "Verden"]
[Date "2014.01.02"]
[Round "1"]
[White "Schroeder, Boris"]
[Black "Theurich, Joel"]
[Result "1/2-1/2"]
[WhiteElo "2149"]
[BlackElo "1824"]
[PlyCount "105"]
[EventDate "2014.01.02"]
[EventType "swiss"]
[EventRounds "7"]
[EventCountry "GER"]
[SourceTitle "EXT 2016"]
[Source "ChessBase"]
[SourceDate "2015.10.08"]
[SourceVersion "1"]
[SourceVersionDate "2015.10.08"]
[SourceQuality "1"]

1. d4 d5 2. Nf3 e6 3. c4 Be7 4. Nc3 Nf6 5. cxd5 Nxd5 6. e4 Nf6 7. Bd3 c5 8. Be3 Nbd7 9. 0-0 b6 10. d5 exd5 11. exd5 Bb7 12. Bc4 Qb8 13. Re1 0-0 14. Bg5 Bd6 15. h3 a6 16. a4 Qc7 17. Qd2 Rfe8 18. Rxe8+ Rxe8 19. Re1 Qb8 20. Re3 h6 21. Bxf6 Nxf6 22. Qe2 Bf4 23. Re7 Rxe7 24. Qxe7 Bd6 25. Qe2 Qe8 26. Qd3 Qa8 27. Nd2 Be5 28. Nde4 b5 29. axb5 axb5 30. Nxf6+ gxf6 31. Bxb5 Qa1+ 32. Qb1 Qxb1+ 33. Nxb1 Bxd5 34. Nc3 Bb7 35. g3 Bd4 36. Bf1 Kg7 37. Bg2 Bc8 38. h4 Kg6 39. Bf3 f5 40. Kg2 Be6 41. Be2 Bd7 42. Bc4 Be6 43. Bd3 Bd7 44. Bc2 Kf6 45. f4 Bc6+ 46. Kf1 Ke6 47. Ke2 f6 48. Bb3+ Kd6 49. Bc4 Be8 50. Bd3 Ke6 51. Bc4+ Kd6 52. Bd3 Ke6 53. Bc4+ 1/2-1/2

[Event "GER-ch U25 op-A"]
[Site "Oberhof"]
[Date "2012.05.30"]
[Round "6"]
[White "Theurich, Joel"]
[Black "Ospina Ocampo, Camilo"]
[Result "1-0"]
[WhiteElo "1724"]
[BlackElo "1838"]
[PlyCount "80"]
[EventDate "2012.05.27"]
[EventType "swiss"]
[EventRounds "9"]
[EventCountry "GER"]
[SourceTitle "CBM 148 Extra"]
[Source "ChessBase"]
[SourceDate "2012.06.22"]
[SourceVersion "1"]
[SourceVersionDate "2012.06.22"]
[SourceQuality "1"]

1. e4 c5 2. Nc3 Nc6 3. d3 g6 4. Be3 d6 5. g3 Bg7 6. Qd2 a6 7. Bg2 e6 8. a3 Rb8 9. Nf3 Nge7 10. Bh6 0-0 11. h4 f6 12. Bxg7 Kxg7 13. d4 cxd4 14. Nxd4 Qb6 15. Nb3 Ne5 16. Qe2 Bd7 17. 0-0 Rbc8 18. Rab1 Bc6 19. Rfd1 Bd7 20. Nd2 f5 21. Rf1 f4 22. Kh1 N7c6 23. Nf3 Nxf3 24. Qxf3 Nd4 25. Qd1 fxg3 26. fxg3 Rxf1+ 27. Bxf1 Rf8 28. Kg2 Nf3 29. Ne2 Bc6 30. Qxd6 Nxh4+ 31. Kh3 Nf3 32. Nf4 Ng5+ 33. Kg4 Bxe4 34. Nxe6+ Nxe6 35. Qxb6 Bf5+ 36. Kf3 Bxc2+ 37. Kg2 Be4+ 38. Kg1 Ng5 39. Rd1 Rf3 40. Kh2 Kh6 1-0

[Event "Bremen-ch op"]
[Site "Delmenhorst"]
[Date "2011.04.23"]
[Round "4"]
[White "Hedke, Manfred"]
[Black "Theurich, Joel"]
[Result "0-1"]
[WhiteElo "1724"]
[BlackElo "1464"]
[PlyCount "28"]
[EventDate "2011.04.16"]
[EventType "swiss"]
[EventRounds "9"]
[EventCountry "GER"]
[SourceTitle "EXT 2012"]
[Source "ChessBase"]
[SourceDate "2011.11.24"]
[SourceVersion "1"]
[SourceVersionDate "2011.11.24"]
[SourceQuality "1"]

1. e4 e5 2. Nf3 Nc6 3. Bb5 Nf6 4. 0-0 d6 5. Re1 Bg4 6. h3 Bh5 7. c3 a6 8. Ba4 b5 9. Bc2 Be7 10. d3 0-0 11. Nbd2 Na5 12. b4 Nb7 13. g4 Nxg4 14. hxg4 Bxg4 0-1

[Event "Lippe Cup-B 07th"]
[Site "Lieme"]
[Date "2010.10.16"]
[Round "2"]
[White "Theurich, Joel"]
[Black "Holtmann, Dieter"]
[Result "1-0"]
[WhiteElo "1408"]
[BlackElo "1085"]
[PlyCount "66"]
[EventDate "2010.10.15"]
[EventType "swiss"]
[EventRounds "5"]
[EventCountry "GER"]
[SourceTitle "EXT 2012"]
[Source "ChessBase"]
[SourceDate "2011.11.24"]
[SourceVersion "1"]
[SourceVersionDate "2011.11.24"]
[SourceQuality "1"]

1. e4 e5 2. Nf3 Nc6 3. Bb5 Nf6 4. 0-0 d5 5. Nxe5 Bd7 6. Nxd7 Qxd7 7. exd5 Nxd5 8. Re1+ Nde7 9. d4 0-0-0 10. c3 Qd5 11. Be2 Nf5 12. Bf3 Qd6 13. g3 Be7 14. Bf4 Qd7 15. Nd2 Bd6 16. Be3 Nxe3 17. Rxe3 Kb8 18. Qb3 Na5 19. Qd5 Nc6 20. Nc4 f5 21. Nxd6 cxd6 22. Rae1 Rde8 23. Rxe8+ Rxe8 24. Rxe8+ Qxe8 25. Qxd6+ Kc8 26. Kf1 Qd7 27. Qxd7+ Kxd7 28. Bxc6+ Kxc6 29. Ke2 Kd5 30. Kf3 g5 31. b3 b5 32. g4 b4 33. c4+ Kxd4 1-0